000 00883nam a2200277Ia 4500
003 CO-BoRNBP
005 20230627233255.0
007 ta
008 141017s2007 mx a gr 000 j spa
020 _a9681654633
040 _aCO-BoRNBP
_bspa
_erda
_cCO-BoRNBP
041 0 _aspa
084 _aN MAC2
100 1 _aMachado, Ana María
_d1941-
_92626
245 1 0 _aBisa Bea, Bisa Bel
_cAna María Machado ; ilustraciones de Vicent Marco
250 _aPrimera edición
264 _aMéxico
_bFondo de Cultura Económica
_c2007
300 _a76 páginas
_bilustraciones
_c19 cm
336 _atexto
_btxt
_2rdacontent
337 _asin mediación
_bn
_2rdamedia
338 _avolumen
_bnc
_2rdacarrier
650 1 4 _aCuentos infantiles brasileños
_2LEMB
_92375
650 1 4 _a Literatura infantil brasileña
_2LEMB
_91010
700 1 _aMarco, Vicent
_eilustrador
_92627
942 _cBKINF
999 _c2618
_d2618